Cyclisme Féminin : Top 30 Vuelta Espana Feminina 2025 - Statistiques

Statistiques générales
  • Ce quiz a été pris 28 fois
  • Le résultat moyen est 11 sur 30
Statistiques - réponses
Place Team Coureur % Correct
1 FDJ - SUEZ Demi VOLLERING
96%
5 FDJ - SUEZ Juliette LABOUS
92%
2 Movistar Team Marlen REUSSER
88%
10 FDJ - SUEZ Évita MUZIC
84%
3 Team SD Worx - Protime Anna VAN DER BREGGEN
72%
4 EF Education-Oatley Cédrine KERBAOL
68%
18 Liv AlUla Jayco Mavi GARCIA
64%
11 Canyon//SRAM Katarzyna NIEWIADOMA
52%
6 Lidl - Trek Niamh FISHER BLACK
52%
29 Fenix-Deceuninck Pauliena ROOIJAKKERS
52%
24 Team Visma | Lease a Bike Marion BUNEL
44%
15 AG Insurance - Soudal Team Ashleigh MOOLMAN
40%
9 PicNic PostNL Nienke VINKE
32%
7 Liv AlUla Jayco Monica TRINCA COLONEL
24%
13 Lidl - Trek Riejanne MARKUS
24%
30 EF Education - Oatley Magdeleine VALLIERES
20%
16 Human Powered Health Thalita DE JONG
20%
26 Arkéa B&B Hotels Valentina CAVALLAR
20%
8 Fenix-Deceuninck Yara KASTELIJN
20%
22 Human Powered Health Barbara MALCOTTI
16%
19 Uno-X Mobility Katrine AALERUD
16%
12 Laboral Kutxa - Fundación Euskadi Usoa OSTOLAZA
16%
17 PicNic PostNL Eleonora CIABOCCO
12%
23 UAE Team ADQ Erica MAGNALDI
12%
14 Movistar Team Mareille MEIJERING
12%
27 Uno-X Mobility Mie Bjorndal OTTESTAD
12%
20 Lidl - Trek Shirin VAN ANROOIJ
12%
21 Team Coop - Repsol Stina KAGEVI
12%
25 PicNic PostNL Mara ROLDAN
8%
28 Human Powered Health Marit RAAIJMAKERS
8%
Aucun quiz correspondant
Distribution des résultats
% des personnes avec chaque résultat
Percentile par nombre de réponses
Votre historique - résultats
Vous n’avez pas pris ce quiz